| 000 | 00501nam a2200241Ia 4500 | ||
|---|---|---|---|
| 003 | IT-RoPAU | ||
| 008 | 120407s9999 xx 000 0 und d | ||
| 040 | _aIT-RoPAU | ||
| 040 | _cIT-RoPAU | ||
| 041 | _afra | ||
| 100 | _aM. J. Lagrange | ||
| 100 | _cop | ||
| 245 | _aEvangile selon saint Luc. 4. ed. | ||
| 250 | _aParis | ||
| 260 | _aJ. Gabalda | ||
| 260 | _c1927 | ||
| 300 | _a625 p. | ||
| 300 | _c24 cm | ||
| 490 | _aEtudes bibliques | ||
| 490 | _v1 | ||
| 942 | _cBK | ||
| 999 |
_c36109 _d36109 |
||